000 00249nam a2200097Ia 4500
001 681454
005 20250826161400.0
008 250824s9999 xx 000 0 und d
245 0 _aIŞIN ÇAĞI ÇOCUKLARI
_cGÜLTEN DAYIOĞLU
260 _bALTIN KİTAPLAR
999 _c681454
_d681454